• 首页
  • 本馆介绍
  • 公告通知
  • 最新文献
  • 馆藏检索
  • 电子资源
  • 读者导购
  • 参考咨询
  • 我的图书馆
  • 登录
  • 详细信息显示
  • 放入我的书架
  • 预约/预借图书
  • 作者相关作品
  • 分类相关作品
  • 丛书相关作品
  • 出版社相关作品

书目信息

  • 表格格式
  • 工作单格式
  • 卡片格式
题名:
走在有光的路上
    
 
作者: 王义博 著
分册:  
出版信息: 北京   中国友谊出版公司  2017
页数: 256页
开本: 24cm
丛书名:
单 册:
中图分类: I267 , J421.8
科图分类:
主题词: 散文集--中国--当代 , 摄影集--中国--现代
电子资源:
ISBN: 978-7-5057-3929-1
000 01164nam0 2200301 450
001 012001001787
005 20140921103355.0
010    @a978-7-5057-3929-1@dCNY39.80
100    @a20170215d2017 em y0chiy50 ea
101 0  @achi
102    @aCN@b110000
105    @aa z 000cy
106    @ar
200 1  @a走在有光的路上@9zou zai you guang de lu shang@f王义博著
210    @a北京@c中国友谊出版公司@d2017
215    @a256页@c彩图@d24cm
312    @a封面英文题名:Walking on the bright road
314    @a王义博,男,90后知名摄影师,一甲工作室创始人,微博最具影响力摄影师等。
330    @a本书首次分享王义博本人如何从一个普通的大学生通过爱好和努力成长为一位知名摄影师。同时描述了很多身边人的故事。
510 1  @aWalking on the bright road@zeng
606 0  @a散文集@y中国@z当代
606 0  @a摄影集@y中国@z现代
690    @aI267@v5
690    @aJ421.8@v5
701  0 @a王义博@9wang yi bo@4著
777    @bS@c000773721@dS@eS@f000773721@gS@bS@c000773722@dS@eS@f000773722@gS@bS@c000773723@dS@eS@f000773723@gS@bS@c000773724@dS@eS@f000773724@gS@bS@c000773725@dS@eS@f000773725@gS
801  0 @aCN@b上海新华@c20180901
905    @b1157030-4@dI267@e3127@f5
    
    走在有光的路上/王义博著.-北京:中国友谊出版公司,2017
    256页:彩图;24cm
    
    
    ISBN 978-7-5057-3929-1:CNY39.80
    本书首次分享王义博本人如何从一个普通的大学生通过爱好和努力成长为一位知名摄影师。同时描述了很多身边人的故事。
●
相关链接 在E读中查询图书 在五车中查询图书 在当当中查询图书 在豆瓣中查询图书


正题名:走在有光的路上     索取号:I267/3127         预约/预借

序号 登录号 条形码 馆藏地/架位号 状态 备注
1 1157030   211570307   第一样本阅览室/ [索取号:I267/3127] 在馆    
2 1157031   211570316   密集书库-文学院/ [索取号:I267/3127] 在馆    
3 1157032   211570325   第二借阅区/ [索取号:I267/3127] 在馆    
4 1157033   211570334   第二借阅区/ [索取号:I267/3127] 在馆    
5 1157034   211570343   第二借阅区/ [索取号:I267/3127] 在馆    
唐山师范学院图书馆 欢迎您!
大连网信软件有限公司© 版权所有